00701 2200205 4500001002100000005001700021008004100038035002400079040001200103082001200115090001700127100002100144245015300165260004500318300002700363500003500390650004000425850001200465990001800477INLIS00000000002326220161018092146.0  0010-101600000000214 aYOPDYOG 223a333 aSK 333 Ari E aMUH. ARIS MARFAI aEvaluasi kemampuan lahan untuk wisata pegunungan di Kecamatan Cangkringan Kabupaten Sleman - Kecamatan Kemalang Kabupaten Klatenc/ Muh. Aris Marfai aYogyakartabUniversitas Gajah Madac1998 axv, 120 hlm.c; 30 cm. aSkripsi Universitas Gajah Mada aTanah - penggunaan dan pemeliharaan aYOPDYOG a45680-PD/A.12